Podvody v účtovných závierkach malých a stredných podnikov v Slovenskej republike
Motivácia spoločností k manipulácii v účtovníctve. Modely odhaľovania podvodov v účtovníctve s použitím pomerových ukazovateľov. Kanapickiene a Grundiene model odhaľovania podvodov v účtovníctve v podmienkach malých a stredných podnikov v SR. Výsledky testovania modelu pravdepodobnosti podvodov v úč...
Salvato in:
| Autore principale: | |
|---|---|
| Altri autori: | |
| Natura: | Capitolo di libro |
| Lingua: | slovacco |
| Soggetti: | |
| Tags: |
Nessun Tag, puoi essere il primo ad aggiungerne!!
|
MARC
| LEADER | 00000naa$a2200000$$$4500 | ||
|---|---|---|---|
| 001 | 0251960 | ||
| 005 | 20240502074036.0 | ||
| 041 | 0 | |a slo | |
| 044 | |a SK | ||
| 245 | 1 | 0 | |a Podvody v účtovných závierkach malých a stredných podnikov v Slovenskej republike |c Jaroslava Šepeľová, Peter Kušnír |
| 520 | |a Motivácia spoločností k manipulácii v účtovníctve. Modely odhaľovania podvodov v účtovníctve s použitím pomerových ukazovateľov. Kanapickiene a Grundiene model odhaľovania podvodov v účtovníctve v podmienkach malých a stredných podnikov v SR. Výsledky testovania modelu pravdepodobnosti podvodov v účtovných závierkach v rokoch 2013-2017 v podmienkach malých a stredných podnikov v SR. Pravdepodobnosť podvodu v účtovníctve v jednotlivých krajoch SR. Pravdepodobnosť podvodov v účtovných závierkach na základe príslušností k odvetviu v rokoch 2013-2017. | ||
| 610 | 2 | 0 | |a účtovníctvo |
| 610 | 2 | 0 | |a závierka účtovná |
| 610 | 2 | 0 | |a podvody |
| 610 | 2 | 0 | |a pravdepodobnosť |
| 610 | 2 | 0 | |a modely logistické |
| 610 | 2 | 0 | |a podnik malý |
| 610 | 2 | 0 | |a podnik stredný |
| 610 | 2 | 0 | |a Slovensko |
| 100 | 1 | |a Šepeľová, Jaroslava, 1993- | |
| 700 | 1 | |a Kušnír, Peter | |